KIRMIZI KAR YAĞINCA (Record no. 812713)

MARC details
000 -LEADER
sabit uzunluktaki kontrol alanı 00243nam a2200097Ia 4500
001 - KONTROL NUMARASI
kontrol alanı 812713
005 - EN SON İŞLEMİN TARİH VE ZAMANI
kontrol alanı 20250826171605.0
008 - SABİT-UZUNLUKTA VERİ ÖĞELERİ--GENEL BİLGİ
sabit uzunluktaki kontrol alanı 250824s9999 xx 000 0 und d
245 #0 - ESER / YAZAR
ESER ADI KIRMIZI KAR YAĞINCA
Yazar Adı HASAN KARAHİSAR
260 ## - YAYIN, DAĞITIM, VB.
YAYIN EVİ NAR YAYINLARI
Holdings
Düşüm durumu Kayıp durumu Sınıflandırma Kaynağı veya raf şeması Hasar Durumu Ödünç verilmez Ana kütüphane Geçerli Kütüphane Edinilen tarih Toplam ödünç verme sayısı Tam yer numarası Barkod Son görüntüleme tarihi Son ödünç verme tarihi Fiyatın geçerli olmaya başladığı tarih Koha materyal türü
    Dewey Ondalık Sınıflama     SELÇUKLU BELEDİYESİ ORTAOKULU SELÇUKLU BELEDİYESİ ORTAOKULU 24.08.2025 1 U5 10587139 18.12.2025 17.12.2025 26.08.2025 Books